<?xml version="1.0" encoding="UTF-8"?>
<record
    xmlns:xsi="http://www.w3.org/2001/XMLSchema-instance"
    xsi:schemaLocation="http://www.loc.gov/MARC21/slim http://www.loc.gov/standards/marcxml/schema/MARC21slim.xsd"
    xmlns="http://www.loc.gov/MARC21/slim">

  <leader>00847nam a2200217 a 4500</leader>
  <controlfield tag="001">BRCA_8848</controlfield>
  <controlfield tag="005">20190320210432.0</controlfield>
  <controlfield tag="008">120517s1757----it-#######---#000-0#ita-#</controlfield>
  <datafield tag="041" ind1=" " ind2=" ">
    <subfield code="a">ita</subfield>
  </datafield>
  <datafield tag="044" ind1=" " ind2=" ">
    <subfield code="a">it</subfield>
  </datafield>
  <datafield tag="084" ind1=" " ind2=" ">
    <subfield code="a">BE230</subfield>
    <subfield code="b">.C35 1757</subfield>
  </datafield>
  <datafield tag="100" ind1="1" ind2=" ">
    <subfield code="a">Calino, Cesare (S.I.)</subfield>
    <subfield code="d">1670 - 1749</subfield>
    <subfield code="9">22039</subfield>
  </datafield>
  <datafield tag="245" ind1="1" ind2="0">
    <subfield code="a">Discorsi scritturali e morali</subfield>
    <subfield code="b">ad vtile trattenimento delle monache</subfield>
    <subfield code="c">opera Di Cesare Calino della compagnia de Gesu&#xB4;; parte seconda Diretta principalmente a profitto delle Novizie.</subfield>
  </datafield>
  <datafield tag="260" ind1=" " ind2=" ">
    <subfield code="a">In Venezia</subfield>
    <subfield code="b">Presso Gio: Battista Recurti</subfield>
    <subfield code="c">1757</subfield>
  </datafield>
  <datafield tag="300" ind1=" " ind2=" ">
    <subfield code="a">407 p. (t.2)</subfield>
    <subfield code="c">16 x 8.6 cm.</subfield>
  </datafield>
  <datafield tag="500" ind1=" " ind2=" ">
    <subfield code="a">Con licenza de&#xB4; Superiori, e Privilegio</subfield>
  </datafield>
  <datafield tag="500" ind1=" " ind2=" ">
    <subfield code="a">Estado f&#xED;sico: presenta encuadernaci&#xF3;n en pergamino con hojas manchadas</subfield>
  </datafield>
  <datafield tag="650" ind1="1" ind2="4">
    <subfield code="a">Iglesia cat&#xF3;lica</subfield>
    <subfield code="y">Obras anteriores a 1800</subfield>
    <subfield code="9">22040</subfield>
  </datafield>
  <datafield tag="902" ind1=" " ind2=" ">
    <subfield code="a">CFM</subfield>
  </datafield>
  <datafield tag="942" ind1=" " ind2=" ">
    <subfield code="2">lcc</subfield>
    <subfield code="c">B</subfield>
  </datafield>
  <datafield tag="999" ind1=" " ind2=" ">
    <subfield code="c">8499</subfield>
    <subfield code="d">8499</subfield>
  </datafield>
  <datafield tag="952" ind1=" " ind2=" ">
    <subfield code="0">0</subfield>
    <subfield code="1">0</subfield>
    <subfield code="4">0</subfield>
    <subfield code="7">0</subfield>
    <subfield code="a">BRCA</subfield>
    <subfield code="b">BRCA</subfield>
    <subfield code="d">2017-05-12</subfield>
    <subfield code="l">0</subfield>
    <subfield code="o">BE230 .C35 1757</subfield>
    <subfield code="p">CFM00175</subfield>
    <subfield code="r">2019-03-22 00:00:00</subfield>
    <subfield code="w">2019-03-22</subfield>
    <subfield code="y">B</subfield>
  </datafield>
</record>
